000 00715nam a22002057a 4500
003 LK-CoDNM
005 20241011140842.0
008 241011b |||||||| |||| 00| 0 eng d
040 _aLK-CoDNM
_dLK-CoDNM
_eLK-CoDNM
041 _asin
080 _aප්‍ර.උ
_b2.1
245 _aඋන්නතිය -1942 අප්‍රේල් - 1944 අප්‍රේල්
_bකලාප 10
260 _aමහනුවර
_bයුනියන් යන්ත්‍රාලය
_c1944
300 _b98p. ; 24 cm
650 _aප්‍ර.උ 2.1
650 _aඋන්නතිය -1942 අප්‍රේල් - 1944 අප්‍රේල්
650 _aකලාප 10
650 _a1944
942 _cBK
999 _c219060
_d219060